000 00531nam a2200181Ia 4500
008 240925s9999 xx 000 0 und d
020 _a9781108416191
082 _a338.954 BAR
100 _aBarbosa, Alexandre De Freitas
245 0 _aGrowth and Inequality: the contrasting trajectories of India and Brazil
250 _aNA
260 _aSingapore:
_bCambridge University Press
_c,2017.
300 _a300p.
_b0
_fOriginal
500 _aIncludes Index
600 _aSocial Sciences
650 _aSocial Sciences
942 _cBK
999 _c15750
_d15750